Suomen petoeläinvisa - Statistics

Yleistilastot
  • Tätä visaa on pelattu 194 kertaa
  • Keskiarvotulos 7 / 10
Vastaustilastot
Kysymys Vastaus % Oikein
Mikä peto on suomen kansalliseläin ? karhu
100%
Mitäpä tieteellistä nimeä käytetään ilveksestä ? Lynx lynx
89%
Ahma on suurin Suomessa elävä näätäeläin, mutta mikä on toisiksi suurin? mäyrä
73%
Mikä petoeläin on myös Suomen uhanalaisin ? naali
70%
Mistä metsiemme asukista käytetään lempinimiä kuten: osma, kätkä ja kamppi ? ahmasta
62%
Missä päin maailmaa suomen suurin karhu Juuso tallustaa? Kuusamon suurpetokeskuksessa
62%
Minkä eläimen tieteellinen nimi on Lutra lutra ? saukon
62%
Mikä näistä on haitallinen vieraslaji ? minkki
54%
Mikä näistä lajeista on hävinnyt kokonaan suomen luonnosta ? vesikko
54%
Miksi kutsutaan eläintä joka on ravintoketjun huipulla ? suurpedoksi
51%
Ehtoja vastaavia visoja ei löytynyt
Tulosjakauma
Jokaisen tuloksen saaneiden osuus
Persentiili vastausten määrän mukaan
Tuloshistoriasi
Et ole pelannut tätä visaa